000 00256nam a2200121Ia 4500
008 220216s9999 xx 000 0 und d
100 _aVijayan K
245 0 _aChain saw
260 _bRubber
_c2020
300 _a26-29
650 _aChain saw
942 _cJS
999 _c55280
_d55280